00323nam a2200121Ia 450000500170000000800410001708200150005810000140007324500260008726000390011330000130015250000360016520250425084320.0240331s9999 xx 000 0 und d a295.5bMUR aMurthy, S 0aMatar kula tilakankal aChennaibVanathi pathippagamc1991 a216 p ., aA book of Ancient Tamil women's